Statistics for OPEC Members, Past and Present

Click here to take the quiz!

General Stats

  • This quiz has been taken 119 times
    (62 since last reset)
  • The average score is 13 of 16

Answer Stats

Years MemberCOUNTRY% Correct
1960 - currentIran
100%
1960 - currentIraq
100%
1960 - currentVenezuela
98%
1960 - currentSaudi Arabia
96%
1967 - currentUnited Arab Emirates
94%
1961 - 2019Qatar
92%
1960 - currentKuwait
88%
1971 - currentNigeria
88%
1962 - currentLibya
87%
1969 - currentAlgeria
81%
2007 - currentAngola
69%
1975 - 1994, 2016 - currentGabon
63%
1962 - 2008, 2016Indonesia
63%
2018 - currentCongo
62%
1973 - 1992, 2007 - currentEcuador
54%
2017 - currentEquatorial Guinea
52%

Score Distribution

Percentile by Number Answered

Percent of People with Each Score

Your Score History

You have not taken this quiz since the last reset